Estações do BRT do Rio de Janeiro - Statistics

Estatísticas Gerais
  • Esse quiz foi jogado 196 vezes
    131 desde o último reset
  • A pontuação média é 39 de 154
Estatísticas das Respostas
Resposta % Correto
Terminal Alvorada
74%
Terminal Jardim Oceânico
71%
Terminal Deodoro
69%
Terminal Recreio
69%
Terminal Intermodal Gentileza
62%
Terminal Santa Cruz
62%
Madureira (Terminal Paulo da Portela)
60%
Madureira (Manaceia)
59%
Penha I (Brás de Pina)
59%
Penha II (Monsenhor Alves Rocha)
59%
Terminal Sulacap
53%
Barra Shopping
50%
Maré
50%
Terminal Campo Grande
50%
Mato Alto
47%
Vasco da Gama
47%
Ceasa (Irajá)
45%
Galeão Tom Jobim I
45%
Galeão Tom Jobim II
45%
Taquara
45%
Rio II
43%
Via Parque
43%
Fiocruz
41%
Guadalupe
41%
Tanque
41%
Curicica
40%
Vicente de Carvalho
40%
Salvador Allende
38%
Terminal Fundão - Aroldo Melodia
38%
Baixa do Sapateiro
36%
Praça Seca
36%
Riocentro
36%
Vigário Geral (Praça Dois)
36%
Campinho
34%
Cidade Alta
34%
Gláucio Gil
34%
Parque das Rosas
34%
Piscinão de Ramos
34%
Bosque de Marapendi
33%
Hospital de Bonsucesso (CPOR)
33%
INTO
31%
Magarça
31%
Mercadão
31%
Merck
31%
Vaz Lobo
31%
Vila Militar
31%
Aeroporto de Jacarepaguá
29%
Benfica
29%
Benvindo de Novaes
29%
Bosque da Barra
29%
Cesarão I
29%
Cesarão II
29%
Cesarão III
29%
Olaria
29%
Pedra de Itaúna
29%
Pontal
29%
Recreio Shopping
29%
Fazenda Botafogo
28%
Parque Olímpico
28%
Afrânio Costa (Teatro Nathalia Timberg)
26%
Guignard
26%
Interlagos
26%
Marinha Mercante
26%
Morro do Outeiro
26%
Notre Dame
26%
Nova Barra
26%
Pontões/Barrasul
26%
Santa Efigênia
26%
Golfe Olímpico
24%
Ilha de Guaratiba
24%
Lobo Júnior
24%
Novo Leblon
24%
Ricardo Marinho
24%
Riviera
24%
Boiúna
22%
Centro Metropolitano
22%
Jardim Guadalupe
22%
Mercado São Sebastião
22%
São José de Magalhães Bastos
22%
Asa Branca
21%
Cosmos
21%
Curral Falso
21%
Gilka Machado
21%
Guaporé
21%
Guiomar Novaes
21%
Ilha Pura
21%
Olof Palme
21%
Paulo Malta Resende
21%
Riomar
21%
Santa Mônica Jardins
21%
Américas Park
19%
Cardoso de Moraes (Viúva Garcia)
19%
Marechal Fontenelle
19%
Minha Praia
19%
Recanto das Garças
19%
Rede Sarah
19%
Rubens Vaz
19%
Terminal Centro Olímpico
19%
Vila Kosmos (Nossa Senhora do Carmo)
19%
Arroio Pavuna
17%
Colônia (Museu Bispo do Rosário)
17%
Gelson Fonseca
17%
Pedro Correa
17%
Santa Luzia
17%
Vila Sapê (IV Centenário)
17%
Catedral do Recreio
16%
CTEx
16%
Embrapa
16%
Lourenço Jorge
16%
Outeiro Santo
16%
Pinto Teles
16%
Dom Bosco
14%
Ibiapina
14%
Inhoaíba
14%
Marambaia
14%
Otaviano
14%
André Rocha
12%
Cesarinho
12%
Leila Diniz
12%
Praça do Bandolim
12%
Praça do Carmo
12%
Prefeito Alim Pedro
12%
Santa Eugênia
12%
São Jorge
12%
Vendas de Varanda
12%
31 de Outubro
10%
Cajueiros
10%
Divina Providência
10%
Gastão Rangel
10%
Pedro Taques
10%
Ana Gonzaga
9%
General Olímpio
9%
Icurana
9%
Padre João Cribbin (Marechal Mallet)
9%
Recanto das Palmeiras (Jardim São Luiz)
9%
Santa Veridiana
9%
Três Pontes
9%
Ventura
9%
Vila Queiroz
9%
Vilar Carioca
9%
Aracy Cabral
7%
Cândido Magalhães
7%
Capitão Menezes
7%
Gramado
7%
IPASE
7%
Júlia Miguel
7%
Tapebuias
7%
Vila Paciência
7%
Parque Esperança
5%
Pastor José Santos
5%
Pina Rangel
5%
Pingo d´Água
5%
Parque de São Paulo
3%
Nenhum quiz correspondente encontrado
Distribuição das Pontuações
Porcentagem de Pessoas com Cada Pontuação
Percentil de Números Respondidos
Sua Pontuação Histórica
Você não jogou esse quiz desde o último reset